Democracia y acceso a la información /

Na minha lista:
Detalhes bibliográficos
Autor principal: López Ayllón, Sergio (autor)
Formato: Livro
Idioma:espanhol
Publicado em: México : Tribunal Electoral del Poder Judicial de la Federación, 2005, c2005
Colecção:(Colección de Cuadernos de Divulgación sobre Aspectos Doctrinarios de la Justicia Electoral ; 9)
Assuntos:
Tags: Adicionar Tag
Sem tags, seja o primeiro a adicionar uma tag!

MARC

LEADER 00000nam^a2200000^a^4500
001 000318395
005 20250521000000.0
009 20260310113411.051
020 |a 970-671-201-1 
025 |a Donación María del Mar Enríquez Domínguez, 1 ejemplar 
037 |a Acervo ITESO - Biblioteca 
041 |a ESP 
082 |a 342. 07  |b COL V. 9 
100 |a López Ayllón, Sergio  |e (autor) 
245 1 0 |a Democracia y acceso a la información /  |c S. López Ayllón ; presen. de Eloy Fuentes Cerda. 
264 4 |a México :  |b Tribunal Electoral del Poder Judicial de la Federación,  |c 2005, c2005 
300 |a 96 p. 
336 |a texto  |b txt  |2 rdacontenido 
337 |a sin mediación  |b n  |2 rdamedio 
338 |a volumen  |b nc  |2 rdasoporte 
440 1 |a (Colección de Cuadernos de Divulgación sobre Aspectos Doctrinarios de la Justicia Electoral ;  |v 9) 
649 |a XX 
650 |a Democracia 
650 |a Derecho a la Información -  |z México -  |x Tema Principal 
650 |a Comunicación y Derecho -  |z México 
650 |a Derecho y Política -  |z México 
650 |a Derechos Civiles -  |z México 
650 |a Derechos Humanos -  |z México 
650 |a Derecho Constitucional -  |z México 
650 |a Derecho Público -  |z México 
910 |a Fondo General 
920 |a Impresos - Libros 
930 |a Colección General 
905 |a 101 
901 |a 0500205499  |b IT1  |c ACC  |i D  |u 20250521 
902 |a https://opac.biblio.iteso.mx/vufind/Record/000318395